Normal view
MARC view
- بن نبي، مالك اصدار
Entry Personal Name
001 - CONTROL NUMBER
- control field: 40293
003 - CONTROL NUMBER IDENTIFIER
- control field: JO-AjAnu
005 - DATE AND TIME OF LATEST TRANSACTION
- control field: 20230606080708.0
008 - FIXED-LENGTH DATA ELEMENTS
- fixed length control field: 230606|| aca||aabn | a|a d
040 ## - CATALOGING SOURCE
- Original cataloging agency: JO-AjAnu
- Transcribing agency: JO-AjAnu
100 ## - HEADING--PERSONAL NAME
- Personal name: بن نبي، مالك اصدار
670 ## - SOURCE DATA FOUND
- Source citation: Work cat.: (JO-AjAnu)20655: بن نبي، مالك اصدار, author, فكرة الأفريقية الأسيوية في ضوء مؤتمر باندونج